书目信息 |
| 题名: |
智能控制理论及实现方法研究
|
|
| 作者: | 鲁艳旻 著 | |
| 分册: | ||
| 出版信息: | 北京 中国水利水电出版社 2019.04 |
|
| 页数: | 209页 | |
| 开本: | 24cm | |
| 丛书名: | ||
| 单 册: | ||
| 中图分类: | TP273 | |
| 科图分类: | ||
| 主题词: | 智能控制--zhi neng kong zhi--方法研究 | |
| 电子资源: | ||
| ISBN: | 978-7-5170-7473-1 | |
| 000 | 00939nam0 2200241 450 | |
| 001 | 0100015748 | |
| 005 | 20201024210217.0 | |
| 010 | @a978-7-5170-7473-1@dCNY65.00 | |
| 100 | @a20190409d2019 em y0chiy50 ea | |
| 101 | 0 | @achi |
| 102 | @aCN@b110000 | |
| 105 | @aak a 000yy | |
| 106 | @ar | |
| 200 | 1 | @a智能控制理论及实现方法研究@Azhi neng kong zhi li lun ji shi xian fang fa yan jiu@f鲁艳旻著 |
| 210 | @a北京@c中国水利水电出版社@d2019.04 | |
| 215 | @a209页@c图@d24cm | |
| 320 | @a有书目 (第204-209页) | |
| 330 | @a本书面向智能控制技术发展前沿, 基于近年来国内外智能控制技术的研究成果, 从工程应用的角度出发, 系统地论述了智能控制理论及实现的方法与技术。本书重点阐述了基于模糊理论的智能控制、基于神经网络的智能控制、专家系统与仿人智能控制等内容。 | |
| 606 | 0 | @a智能控制@Azhi neng kong zhi@x方法研究 |
| 690 | @aTP273@v5 | |
| 701 | 0 | @a鲁艳旻@Alu yan min@4著 |
| 801 | 0 | @aCN@c20190409 |
| 905 | @a河南城建学院图书馆@dTP273@f2@eL825 | |
| 智能控制理论及实现方法研究/鲁艳旻著.-北京:中国水利水电出版社,2019.04 |
| 209页:图;24cm |
| ISBN 978-7-5170-7473-1:CNY65.00 |
| 本书面向智能控制技术发展前沿, 基于近年来国内外智能控制技术的研究成果, 从工程应用的角度出发, 系统地论述了智能控制理论及实现的方法与技术。本书重点阐述了基于模糊理论的智能控制、基于神经网络的智能控制、专家系统与仿人智能控制等内容。 |
| ● |
| 相关链接 |
|
|
|
正题名:智能控制理论及实现方法研究
索取号:TP273/L825
 
预约/预借
| 序号 | 登录号 | 条形码 | 馆藏地/架位号 | 状态 | 备注 |
| 1 | 1496814 | 214968141 | 自科库301/301自科库 71排1列2层/ [索取号:TP273/L825] | 在馆 | |
| 2 | 1496815 | 214968150 | 自科库301/301自科库 71排1列2层/ [索取号:TP273/L825] | 在馆 |